STILL MORE TELL ME WHY (Record no. 375749)

MARC details
000 -LEADER
fixed length control field 00353nam a2200145Ia 4500
008 - FIXED-LENGTH DATA ELEMENTS--GENERAL INFORMATION
fixed length control field 100122s9999 xx 000 0 und d
082 ## - DEWEY DECIMAL CLASSIFICATION NUMBER
Item number 51476
Classification number 30
100 ## - MAIN ENTRY--PERSONAL NAME
Personal name LEOKUM ARKADY
245 ## - TITLE STATEMENT
Title STILL MORE TELL ME WHY
260 ## - PUBLICATION, DISTRIBUTION, ETC. (IMPRINT)
Name of publisher, distributor, etc HAMLYN
Date of publication, distribution, etc 1977
300 ## - PHYSICAL DESCRIPTION
Extent 399
630 ## - SUBJECT ADDED ENTRY--UNIFORM TITLE
Uniform title STILL MORE TELL ME WHY
730 ## - ADDED ENTRY--UNIFORM TITLE
Uniform title STILL MORE TELL ME WHY
942 ## - ADDED ENTRY ELEMENTS (KOHA)
Koha item type Book
Holdings
Withdrawn status Lost status Damaged status Not for loan Home library Current library Date acquired Cost, normal purchase price Total Checkouts Full call number Barcode Date last seen Cost, replacement price Price effective from Koha item type Public note
        S.V. Pathak Library, Vile Parle S.V. Pathak Library, Vile Parle 12/15/1995 40.00   51476 SVPPARLE-51476 01/25/2010 40.00 01/25/2010 Book ", , General, NA"